[Event "Le Touquet op"]
[Site "Le Touquet"]
[Date "1995.??.??"]
[Round "?"]
[White "Mallet, Lionel"]
[Black "Glienke, Manfred"]
[Result "0-1"]
[WhiteElo "2075"]
[BlackElo "2320"]

1.d4 d5 2.Nf3 Nf6 3.c4 e6 4.g3 Be7 5.Bg2 O-O 6.O-O Nbd7 7.Qc2 c6 8.Nbd2 a5
9.e4 dxe4 10.Nxe4 Nxe4 11.Qxe4 a4 12.Be3 Qa5 13.Rfd1 Rd8 14.Rac1 Nf8 15.Ne5 f6
16.Nd3 Bd7 17.Bd2 Qb6 18.d5 cxd5 19.cxd5 Be8 20.Nf4 e5 21.Nd3 Bg6 22.Qe3 Qb5
23.Bc3 Bd6 24.a3 Rac8 25.Nb4 Bc5 26.Qf3 Qb6 27.Bd2 e4 28.Qf4 Bd6 29.Qe3 Qxe3
30.Bxe3 Be5 31.Rxc8 Rxc8 32.Rc1 Rxc1+ 33.Bxc1 f5 34.Bf1 Be8 35.Bc4 Nd7 36.Kf1 Kf8
37.Ke2 Nb6 38.Ba2 Bb5+ 39.Kd1 Bd4 40.Be3 Bxe3 41.fxe3 Bc4 42.d6 Ke8 43.Bb1 Kd7
44.g4 Kxd6 45.gxf5 Ke5 46.Nc2 Bd3 47.Ba2 Bc4 48.Bb1 Kxf5 49.Kd2 Ke5 50.Kc3 Bd3
51.Kb4 g5 52.Ka5 Nc4+ 53.Kxa4 Nxb2+ 54.Kb3 Nd1 55.Ba2 Bxc2+ 56.Kxc2 Nxe3+
57.Kc3 h5 58.Kb4 g4 59.Kc5 h4  0-1

[Event "GER-chJT"]
[Site "Leipzig"]
[Date "1995.??.??"]
[Round "?"]
[White "Roeber, Bjoern"]
[Black "Proehl, Holger"]
[Result "0-1"]
[WhiteElo "2210"]
[BlackElo "2365"]

1.d4 d5 2.c4 e6 3.Nf3 Nf6 4.g3 Be7 5.Bg2 O-O 6.O-O dxc4 7.Na3 c5 8.dxc5 Bxc5
9.Nxc4 Nbd7 10.Be3 Bxe3 11.Nxe3 Rb8 12.Qc2 b5 13.a4 a6 14.Rfd1 Qb6 15.a5 Qa7
16.Nd4 Bb7 17.Bxb7 Qxb7 18.Nc6 Ra8 19.Rd6 Kh8 20.Nb4 Rac8 21.Qd1 Nc5 22.Rc1 Nfe4
23.Rb6 Qa8 24.Qc2 Nb3 25.Rc6 Nxc1 26.Qxe4 Rxc6 27.Qxc6 Nxe2+ 28.Kf1 Nd4  0-1

[Event "Linares zt"]
[Site "Linares"]
[Date "1995.??.??"]
[Round "2"]
[White "Sosonko, Gennadi"]
[Black "Arlandi, Ennio"]
[Result "1/2-1/2"]
[WhiteElo "2525"]
[BlackElo "2455"]

1.d4 Nf6 2.c4 e6 3.g3 d5 4.Bg2 Be7 5.Nf3 O-O 6.O-O dxc4 7.Nc3 Nc6 8.e3 Bd6
9.Qa4 e5 10.Qxc4 exd4 11.Nxd4 Nxd4 12.exd4 Re8 13.d5 Bf5 14.Qb3 b6 15.Be3 Ng4
16.Bd4 Nxh2 17.Rfe1 Ng4 18.Rxe8+ Qxe8 19.Nb5 Qe7 20.a4 Bd7 21.Nxd6 cxd6 22.Qb4 Ne5
23.a5 bxa5 24.Rxa5 Rc8 25.Bc3 Bf5 26.Qd4 f6 27.Rxa7 Rc7 28.Ra6 Bg4 29.Qe4 Rc4
30.Qe3 h5 31.Ra8+ Rc8 32.Rxc8+ Bxc8 33.f4 Ng6 34.Qxe7 Nxe7 35.Bb4 Nf5 36.Kf2 Kf7
37.Bf3 g6 38.Bc3 Ba6 39.Be4 Bc4 40.Bb4 Ke7 41.Bxf5  1/2-1/2

[Event "Ljubljana op"]
[Site "Ljubljana"]
[Date "1995.??.??"]
[Round "4"]
[White "Gazarek, Danko"]
[Black "Sitnik, Igor"]
[Result "1/2-1/2"]
[WhiteElo "2330"]
[BlackElo "2160"]

1.d4 d5 2.Nf3 Nf6 3.c4 e6 4.g3 Be7 5.Bg2 O-O 6.O-O Nbd7 7.Qb3 c6 8.Bf4 Nh5
9.Be3 f5 10.Nc3 Kh8 11.Rad1 g5 12.Bc1 g4 13.Ne5 Nxe5 14.dxe5 Qb6 15.Be3 Qxb3
16.axb3 Bd7 17.Bh6 Rfd8 18.e3 Be8 19.Ne2 Kg8 20.Nd4 Bf7 21.h3 a6 22.hxg4 fxg4
23.cxd5 cxd5 24.e4 dxe4 25.Bxe4 Rab8 26.Nc2 Bg6 27.Bxg6 hxg6 28.Kg2 Kf7 29.Ne3 g5
30.Nxg4 Kg6 31.f4 gxf4 32.Bxf4 Nxf4+ 33.gxf4 Rbc8 34.Kf3 b6 35.Ne3 Bc5 36.Rxd8 Rxd8
37.Rg1+ Kf7 38.Rd1 Rh8 39.Ke4 Bxe3 40.Kxe3 Rh3+ 41.Ke4 Rxb3 42.Rd7+ Ke8 43.Rd2  1/2-1/2

[Event "Ljubljana op"]
[Site "Ljubljana"]
[Date "1995.??.??"]
[Round "9"]
[White "Tratar, Marko"]
[Black "Brumen, Dinko"]
[Result "1-0"]
[WhiteElo "2405"]
[BlackElo "2335"]

1.d4 d5 2.Nf3 Nf6 3.c4 e6 4.g3 Be7 5.Bg2 O-O 6.O-O dxc4 7.Qc2 a6 8.a4 Nbd7
9.Nbd2 c3 10.bxc3 c5 11.Nc4 cxd4 12.cxd4 Nd5 13.e4 Nb4 14.Qb3 a5 15.Rd1 b6
16.Be3 Bb7 17.Nfe5 Ra6 18.Nxd7 Qxd7 19.d5 Bc5 20.Bh3 Qe7 21.d6 Qf6 22.Bxc5 bxc5
23.Bg2 e5 24.f4 Qe6 25.fxe5 Ra7 26.Rac1 Rd8 27.Qe3 Na6 28.Nxa5 Qxe5 29.Nc4 Qe6
30.a5 Bc6 31.e5 Bxg2 32.Kxg2 Rb7 33.Nb6 Qa2+ 34.Qd2 Qa3 35.Qd5 Ra7 36.e6 fxe6
37.Qxe6+ Kh8 38.d7 Qb2+ 39.Kh3 Nc7 40.Qe7 Qf6 41.Qxf6 gxf6 42.Rxc5 Kg7 43.Re1 Kf7
44.Rh5 Kg6 45.g4 Rb7 46.Re7 h6 47.Rc5 Ra7 48.Kg3  1-0

[Event "Madras zt (Women)"]
[Site "Madras"]
[Date "1995.??.??"]
[Round "2"]
[White "Gokhale, Anupama"]
[Black "Khanom, Afrooza"]
[Result "1-0"]
[WhiteElo "2145"]
[BlackElo "2010"]

1.d4 e6 2.c4 d5 3.g3 Nf6 4.Bg2 Be7 5.Nf3 O-O 6.O-O dxc4 7.Qc2 c6 8.Qxc4 Nbd7
9.Nbd2 Bd6 10.Qc2 Qc7 11.Nc4 e5 12.Nxd6 Qxd6 13.Rd1 Qe7 14.dxe5 Nxe5 15.Be3 Re8
16.Bc5 Nxf3+ 17.Bxf3 Qe6 18.Rd4 Qf5 19.Qxf5 Bxf5 20.Rad1 Be4 21.Bxe4 Nxe4
22.Ba3 c5 23.Rd5 b6 24.f3 Nf6 25.R5d2 Rac8 26.b3 h6 27.Bb2 Rc6 28.e4 Kh7
29.e5 Ng8 30.Rd7 Re7 31.Rxe7 Nxe7 32.Rd7 Re6 33.f4 a6 34.g4 g6 35.Kf2 Kg7
36.Kf3 Kf8 37.Rd8+ Kg7 38.h3 b5 39.Rd7 Kf8 40.Rc7 Rc6 41.Rxc6 Nxc6 42.Ke4 Ke7
43.Ba3 b4 44.Bb2 Nd8 45.f5 Nb7 46.Kd5 Kd7 47.Bc1 gxf5 48.gxf5 h5 49.e6+ fxe6+
50.fxe6+ Ke8 51.Bg5 a5 52.Kc6 Nd8+ 53.Bxd8 Kxd8 54.Kxc5 Ke7 55.Kb5  1-0

[Event "Madras zt (Women)"]
[Site "Madras"]
[Date "1995.??.??"]
[Round "9"]
[White "Parveen, Seyda Shabana"]
[Black "Shirazi, J."]
[Result "1-0"]
[WhiteElo "2105"]
[BlackElo "2000"]

1.d4 Nf6 2.g3 e6 3.Bg2 d5 4.Nf3 Be7 5.c4 c6 6.Qc2 Nbd7 7.O-O O-O 8.b3 Re8
9.Nbd2 Bf8 10.Bb2 g6 11.Ne5 Bg7 12.e4 Nxe5 13.dxe5 Ng4 14.Nf3 f6 15.Rad1 Nh6
16.cxd5 exd5 17.exd5 cxd5 18.exf6 Bxf6 19.Bxf6 Qxf6 20.Qd2 Rd8 21.Qxh6 Bg4
22.Rd3 Qf5 23.Ng5 Rd7 24.Rd4  1-0

[Event "Madrid"]
[Site "Madrid"]
[Date "1995.??.??"]
[Round "3"]
[White "Illescas Cordoba, Miguel"]
[Black "Epishin, Vladimir"]
[Result "1/2-1/2"]
[WhiteElo "2595"]
[BlackElo "2635"]

1.d4 Nf6 2.c4 e6 3.g3 d5 4.Bg2 Be7 5.Nf3 O-O 6.O-O dxc4 7.Qc2 a6 8.Qxc4 b5
9.Qc2 Bb7 10.Bg5 Nbd7 11.Bxf6 Nxf6 12.Nbd2 Rc8 13.Nb3 Be4 14.Qc3 Nd5 15.Qd2 c5
16.Nxc5 Bxc5 17.dxc5 Rxc5 18.Rfc1 Rxc1+ 19.Rxc1 Qa8 20.Qd4 Nf6 21.Qc5 h6
22.a3 Rd8 23.h3 Bb7 24.Qb6 Rb8 25.b4 Bd5 26.Qc7 Ne8 27.Qf4 Qb7 28.h4 Rd8
29.Rc5 Nd6 30.g4 Qe7 31.g5 hxg5 32.hxg5 Bxf3 33.Bxf3 Nf5 34.e4 Nd4 35.Bg4 Qd6
36.Qxd6 Rxd6 37.f4 f5 38.gxf6 gxf6 39.Kf2 Kg7 40.Ke3 e5 41.fxe5 fxe5 42.Rxe5 Nc2+
43.Kf4 Nxa3 44.Re7+ Kf8 45.Ra7 Nc2 46.Ke5 Rh6 47.Be6 Nxb4 48.Rf7+ Kg8 49.Kf5 Nd3
50.Ra7+ Kf8 51.Ra8+ Ke7 52.Ra7+ Kf8  1/2-1/2

[Event "Madrid"]
[Site "Madrid"]
[Date "1995.??.??"]
[Round "7"]
[White "Illescas Cordoba, Miguel"]
[Black "Jussupow, Artur"]
[Result "1/2-1/2"]
[WhiteElo "2595"]
[BlackElo "2660"]

1.d4 Nf6 2.Nf3 e6 3.g3 d5 4.Bg2 Be7 5.c4 O-O 6.O-O c6 7.Qc2 b6 8.Rd1 Nbd7
9.b3 Ba6 10.Nc3 dxc4 11.bxc4 Bxc4 12.Bg5 Nd5 13.Ne4 Ba6 14.Bxe7 Qxe7 15.Neg5 N7f6
16.e4 Nb4 17.Qb1 h6 18.a3 hxg5 19.axb4 Be2 20.Nxg5 Bxd1 21.e5 Ne4 22.Nxe4 Bh5
23.Nd6 Rad8 24.Bxc6 Rxd6 25.exd6 Qxd6 26.Bg2 Qxd4 27.Rxa7 Qc3 28.h4 Rd8  1/2-1/2

[Event "Mainz op"]
[Site "Mainz"]
[Date "1995.??.??"]
[Round "6"]
[White "Teske, Henrik"]
[Black "Arbakov, Valentin"]
[Result "0-1"]
[WhiteElo "2465"]
[BlackElo "2500"]

1.d4 Nf6 2.c4 e6 3.g3 d5 4.Nf3 Be7 5.Bg2 O-O 6.O-O dxc4 7.Ne5 c5 8.dxc5 Bxc5
9.Nxc4 Nc6 10.Nc3 Qe7 11.Bg5 h6 12.Bxf6 Qxf6 13.Bxc6 bxc6 14.Ne4 Qf5 15.Nxc5 Qxc5
16.Rc1 Ba6 17.Qa4 Qb5 18.Qa3 Rfd8 19.Rc2 Rd4 20.b3 Rad8 21.f3 h5 22.Kg2 h4
23.g4 c5 24.Qc1 Qb4 25.Qe1 g5 26.Qxb4 cxb4 27.Rfc1 Bb5 28.Kf2 Kg7 29.a4 bxa3
30.Nxa3 Ba6 31.Nc4 Bb5 32.Na3 Be8 33.Rc5 R4d5 34.Rc7 Ra5 35.Nc4 Ra2 36.Rc5 Kf6
37.h3 a6 38.Ne3 Rdd2 39.R1c2 Bb5 40.Rxd2 Rxd2 41.Rc2 Rxc2 42.Nxc2 Ke5 43.e3 Kd5
44.Ke1 Kc5 45.Kf2 Bd3 46.Ne1 Bb1 47.f4 gxf4 48.Nf3 Kb4 49.exf4 Kxb3 50.Nd4+ Kb2
51.Nc6 Be4 52.Ne5 a5 53.Nc4+ Kc3 54.Nxa5 Kb4 55.Ke3 Bg2  0-1

[Event "Manresa"]
[Site "Manresa"]
[Date "1995.??.??"]
[Round "1"]
[White "Lalic, Bogdan"]
[Black "Pablo Marin, Alejandro"]
[Result "1-0"]
[WhiteElo "2590"]
[BlackElo "2390"]

1.c4 e6 2.g3 d5 3.Bg2 Nf6 4.Nf3 Be7 5.d4 O-O 6.O-O dxc4 7.Qc2 a6 8.a4 Nc6
9.Qxc4 Qd5 10.Nbd2 Rd8 11.e3 Bd7 12.Ne1 Qh5 13.Nd3 Be8 14.Nf3 Nd5 15.Bd2 g5
16.h3 a5 17.Nfe5 Qe2 18.Qc1 Nxe5 19.Nxe5 f6 20.Re1 Qa6 21.Bf1 Qa7 22.Nd3 Rac8
23.e4 Nb4 24.Nxb4 axb4 25.Be3 Qa5 26.Bc4 Bf7 27.Qc2 c5 28.d5 e5 29.f4 gxf4
30.gxf4 Bd6 31.f5 Kh8 32.Kh2 Rg8 33.Qf2 Qd8 34.Qh4 Qe7 35.a5 Rcd8 36.Qf2 Rc8
37.a6 bxa6 38.Rxa6 Ra8  1-0

[Event "Mar del Plata op"]
[Site "Mar del Plata"]
[Date "1995.??.??"]
[Round "9"]
[White "Mellano, Santiago"]
[Black "Zarnicki, Pablo"]
[Result "0-1"]
[WhiteElo "2265"]
[BlackElo "2520"]

1.Nf3 Nf6 2.c4 e6 3.g3 d5 4.Bg2 Be7 5.d4 O-O 6.O-O dxc4 7.Qc2 a6 8.Nbd2 b5
9.Ng5 c6 10.b3 c3 11.Nde4 Nxe4 12.Nxe4 Qxd4 13.Be3 Qd8 14.Rfd1 Qc7 15.Qxc3 Nd7
16.Ng5 Bxg5 17.Bxg5 Bb7 18.Be7 Rfe8 19.Bd6 Qc8 20.Rac1 c5 21.Bxb7 Qxb7 22.Bxc5 Rac8
23.Qd4 Nf6 24.b4 h5 25.Qe5 Red8 26.f3 Rd5 27.Rxd5 exd5 28.Qd4 Re8 29.Rc2 Qd7
30.Qf4 Nh7 31.Rd2 Qe6 32.Qd6 Nf6 33.Qxe6 fxe6 34.a4 Nd7 35.axb5 axb5 36.e4 Ne5
37.Kg2 dxe4 38.fxe4 Ra8 39.h3 Kf7 40.Rf2+ Kg6 41.Rd2 Nc4 42.Rf2 Ra1 43.Re2 Rd1
44.Kf3 Kf6 45.Bf8 Rd8 46.Bc5 Ke5 47.g4 Rd3+ 48.Kg2 hxg4 49.hxg4 Rd2 50.Rxd2 Nxd2
51.Be3 Nc4 52.Ba7 Kxe4 53.Kg3 e5 54.Bc5 Kd3 55.Kf2 e4 56.g5 g6 57.Kg3 e3  0-1

[Event "Melbourne Masters"]
[Site "Melbourne"]
[Date "1995.??.??"]
[Round "8"]
[White "Tu Hoang Thong"]
[Black "Khoze, Eduard"]
[Result "1-0"]
[WhiteElo "2470"]
[BlackElo "2200"]

1.d4 d5 2.Nf3 Nf6 3.c4 e6 4.g3 Be7 5.Bg2 O-O 6.Qc2 Nbd7 7.O-O c6 8.Nbd2 b6
9.Ne5 Bb7 10.cxd5 cxd5 11.Nc6 Bxc6 12.Qxc6 Qc8 13.Qa4 Qb7 14.Nf3 Rfc8 15.Qb3 Ne4
16.Rd1 Rc7 17.Ne1 Ndf6 18.Nd3 Rac8 19.Bf4 Bd6 20.Ne5 Bxe5 21.Bxe5 Rc6 22.f3 Nd6
23.e4 Nde8 24.Bf4 Rc2 25.e5 Nd7 26.Bf1 a6 27.Bd2 R2c6 28.h4 Nc7 29.h5 f6
30.exf6 Nxf6 31.h6 Nce8 32.Re1 Kf7 33.Re2 g6 34.Rae1 Qd7 35.Bh3 Nc7 36.Bf4 Re8
37.Qe3 Re7 38.Bxc7 Qxc7 39.Qg5 b5 40.Re5 Re8 41.Qf4 Qd8 42.g4 Kg8 43.g5 Nh5
44.Qe3 Kh8 45.Bxe6 Rf8 46.Bxd5 Rc8 47.Be6 Rb8 48.Bg4 Nf4 49.d5 Qd6 50.Re6 Nxe6
51.Qc3+  1-0

[Event "Fide Mercenarios 7th"]
[Site "MEX"]
[Date "1995.??.??"]
[Round "7"]
[White "Pla, Silvio"]
[Black "Gonzalez, Roberto"]
[Result "1/2-1/2"]
[WhiteElo "2245"]
[BlackElo "2200"]

1.d4 Nf6 2.c4 e6 3.g3 d5 4.Bg2 Be7 5.Nf3 c6 6.O-O O-O 7.Qc2 Nbd7 8.b3 Ne4
9.Ne1 f5 10.f3 Bf6 11.Bb2 Ng5 12.Nd2 Qb6 13.c5 Qc7 14.Nd3 Nf7 15.e4 g6 16.exf5 exf5
17.Rae1 Bg5 18.Ne5 Nf6 19.f4 Bh6 20.h3 Ne4 21.Nxe4 fxe4 22.Bc1 Bg7 23.Be3 Be6
24.g4 Rae8 25.b4 Qc8 26.Kh2 Nxe5 27.fxe5 Rxf1 28.Rxf1 Rf8 29.Qe2  1/2-1/2

[Event "Fide Mercenarios 7th"]
[Site "MEX"]
[Date "1995.??.??"]
[Round "8"]
[White "Gonzalez, Roberto"]
[Black "Martin del Campo, Jorge"]
[Result "1/2-1/2"]
[WhiteElo "2200"]
[BlackElo "2215"]

1.c4 Nf6 2.g3 e6 3.Bg2 d5 4.Nf3 Be7 5.d4 O-O 6.O-O Ne4 7.b3 Nd7 8.Bb2 f5
9.Ne1 Bg5 10.e3 Ndf6 11.Nd3 Bd7 12.Nd2 Be8 13.Nf4 Qd7 14.Ba3 Rf7 15.Nd3 Nxd2
16.Qxd2 Ng4 17.h3 Nf6 18.Ne5 Qd8 19.Nxf7 Bxf7 20.Rac1 c6 21.cxd5 exd5 22.Bc5 Bh5
23.Qb4 Qd7 24.Bd6 Ne4 25.Be5 Be7 26.Qe1 a5 27.Rc2 Bb4 28.Qc1 Ba3 29.Qb1 Bb4
30.Qc1 Ba3 31.Qb1 Bb4 32.Qc1  1/2-1/2

[Event "Mitropa Cup"]
[Site "?"]
[Date "1995.??.??"]
[Round "4"]
[White "Tibensky, Robert"]
[Black "Huss, Andreas"]
[Result "1-0"]
[WhiteElo "2425"]
[BlackElo "2415"]

1.d4 e6 2.c4 Nf6 3.g3 d5 4.Nf3 Be7 5.Bg2 O-O 6.O-O c6 7.Qc2 Nbd7 8.Bf4 b6
9.Rd1 Bb7 10.Ne5 Qc8 11.Nc3 Rd8 12.cxd5 Nxd5 13.Rac1 Nxc3 14.Qxc3 c5 15.dxc5 Bxg2
16.Kxg2 Bxc5 17.Rxd7 Rxd7 18.Qf3 Rc7 19.Nd3 Rc6 20.b4 a5 21.b5 e5 22.bxc6 exf4
23.Nxc5 bxc5 24.c7 fxg3 25.Rxc5 Ra7 26.Qd5  1-0

[Event "Mitropa Cup"]
[Site "?"]
[Date "1995.??.??"]
[Round "6"]
[White "Gostisa, Leon"]
[Black "Huss, Andreas"]
[Result "1-0"]
[WhiteElo "2420"]
[BlackElo "2415"]

1.d4 e6 2.c4 Nf6 3.g3 d5 4.Nf3 Be7 5.Bg2 O-O 6.O-O c6 7.Qc2 Nbd7 8.b3 b6
9.Rd1 Ba6 10.Nbd2 Rc8 11.e4 Qc7 12.Bb2 Rfd8 13.Rac1 Qb8 14.Qb1 Bb7 15.Bh3 Qa8
16.Re1 a5 17.Ng5 Nf8 18.a3 h6 19.Ngf3 N8d7 20.Qd3 Re8 21.e5 Nh7 22.cxd5 Ba6
23.dxe6 Bxd3 24.exf7+ Kf8 25.fxe8=Q+ Kxe8 26.Re3 Ba6 27.Ne4 Rd8 28.Bf5 Ng5
29.Nfxg5 hxg5 30.Bg6+ Kf8 31.Rf3+ Kg8 32.Bf7+ Kh7 33.g4 g6 34.e6 Ne5 35.dxe5 Rd3
36.Nf6+ Kg7 37.Rxd3 Bxd3 38.Rc3 Qa6 39.Ne8+ Kh6 40.Nc7 Qb7 41.Rxd3 Qxc7 42.Rd7  1-0

[Event "Mitropa Cup"]
[Site "?"]
[Date "1995.??.??"]
[Round "7"]
[White "Sosonko, Gennadi"]
[Black "Polak, Tomas"]
[Result "1/2-1/2"]
[WhiteElo "2535"]
[BlackElo "2420"]

1.d4 Nf6 2.c4 e6 3.g3 d5 4.Bg2 Be7 5.Nf3 O-O 6.O-O c6 7.Nc3 Nbd7 8.b3 b6
9.Bb2 Bb7 10.Qc2 Rc8 11.Rad1 Qc7 12.e4 Rfd8 13.Rfe1 Qb8 14.Ng5 h6 15.Nh3 dxe4
16.Nxe4 c5 17.d5 exd5 18.Nxf6+  1/2-1/2

[Event "Moscow-ch op"]
[Site "Moscow"]
[Date "1995.??.??"]
[Round "4"]
[White "Ulko, Jaroslav"]
[Black "Chudinovskih, Alexander"]
[Result "1-0"]
[WhiteElo "2310"]
[BlackElo "2305"]

1.d4 Nf6 2.Nf3 e6 3.g3 d5 4.Bg2 Be7 5.c4 O-O 6.O-O dxc4 7.Qc2 a6 8.a4 Bd7
9.Qxc4 Bc6 10.a5 b5 11.axb6 cxb6 12.Bf4 b5 13.Qc1 Qb6 14.Rd1 Nbd7 15.Nbd2 Rfc8
16.Qb1 Qb7 17.Rc1 Bd5 18.Re1 Ne4 19.Nxe4 Bxe4 20.Ng5 f5 21.Nxe4 fxe4 22.Bxe4 Qb6
23.Bxa8 Rxa8 24.Qe4 Rf8 25.Rec1 Nf6 26.Qc6  1-0

[Event "Moscow op2"]
[Site "Moscow"]
[Date "1995.??.??"]
[Round "8"]
[White "Ulko, Jaroslav"]
[Black "Mitenkov, Alexey"]
[Result "0-1"]
[WhiteElo "2310"]
[BlackElo "2430"]

1.d4 Nf6 2.Nf3 e6 3.g3 d5 4.Bg2 Be7 5.c4 O-O 6.O-O c6 7.Nc3 b6 8.Ne5 Ba6
9.b3 Nfd7 10.e4 Nxe5 11.exd5 Bb4 12.Bb2 Nxc4 13.bxc4 Bxc3 14.Bxc3 cxd5 15.Bb4 Bxc4
16.Bxf8 Bxf1 17.Bxf1 Kxf8 18.Qc2 g6 19.Rc1 Nd7 20.Qc6 Nf6 21.Qb7 Ne4 22.Ba6 Rb8
23.Qc6 Qf6 24.Rc2 Qxd4 25.Kg2 Kg7 26.Bc8 Qe5 27.Qd7 Nc5  0-1

[Event "Moscow-ch op"]
[Site "Moscow"]
[Date "1995.??.??"]
[Round "8"]
[White "Umanskaya, Irina"]
[Black "Ilinsky, Vladimir"]
[Result "1-0"]
[WhiteElo "2300"]
[BlackElo "2320"]

1.d4 Nf6 2.c4 e6 3.g3 d5 4.Nf3 Be7 5.Bg2 O-O 6.O-O Nbd7 7.Qc2 c6 8.b3 b6
9.Rd1 Ba6 10.Nbd2 Rc8 11.e4 c5 12.exd5 exd5 13.Bb2 b5 14.cxd5 c4 15.bxc4 bxc4
16.Ne5 Nxd5 17.Ne4 Nb4 18.Qc3 Nd3 19.Ba3 N7xe5 20.dxe5 Bxa3 21.Qxa3 Qb6 22.Rab1 Bb5
23.Qc3 Qa6 24.Nd6 Rb8 25.Qd4 Ba4 26.Rf1 Rxb1 27.Rxb1 Bc2 28.Rb7 Qa5 29.Bd5 Qe1+
30.Kg2 Nxe5 31.Nxf7 Be4+ 32.Bxe4 Nxf7 33.Bd5  1-0

[Event "Moscow PCA-Intel qual"]
[Site "Moscow"]
[Date "1995.??.??"]
[Round "10"]
[White "Bareev, Evgeny"]
[Black "Shneider, Aleksandr"]
[Result "1/2-1/2"]
[WhiteElo "2675"]
[BlackElo "2530"]

1.d4 Nf6 2.c4 e6 3.g3 d5 4.Nf3 Be7 5.Bg2 O-O 6.O-O dxc4 7.Qc2 a6 8.a4 Bd7
9.Qxc4 Bc6 10.Bg5 a5 11.Nc3 Na6 12.e3 Nb4 13.Rfd1 h6 14.Bxf6 Bxf6 15.Rac1 Bxf3
16.Bxf3 c6 17.h4 Qb6 18.Ne4 Be7 19.Nc5 Qc7 20.e4 Rad8 21.Kg2 e5 22.d5 cxd5
23.exd5 b6 24.Nd3 Qxc4 25.Rxc4 Nxd3 26.Rxd3 f5 27.Rd1 Bc5 28.h5 Rd6 29.Rc2 Kf7
30.Be2 Kf6 31.Bc4 e4 32.Re2 Re8 33.Rh1 Rdd8 34.Rd1 Kg5 35.Rh1 Re7 36.b3 Re5
37.Kf1 Kf6 38.Kg2 Kg5 39.Ree1 Kf6 40.Rd1 Rd6 41.Rhe1 Rd8 42.f3 Ree8 43.fxe4 Rxe4
44.Rxe4 fxe4 45.Rf1+ Ke5 46.Rf7 Rf8 47.Rxg7 Rf2+ 48.Kh3 e3 49.Rg6 Rf6 50.Rg8 Rf5
51.Re8+ Kd4 52.Kg4 Rg5+ 53.Kh4 Bd6 54.Re6 Bxg3+ 55.Kh3 Bf4 56.Rxh6 Rg3+ 57.Kh4 Rg2
58.Re6 Kc3 59.Re4 Rf2 60.Kg4 Bh6 61.Re6 Bf4 62.Rf6 Be5 63.Rxf2 exf2 64.Kg5 Kd2
65.Bf1 Ke3 66.Bh3 Kd4  1/2-1/2

[Event "JUG-chT"]
[Site "Nis"]
[Date "1995.??.??"]
[Round "?"]
[White "Aleksic, Nenad"]
[Black "Marcetic, Nikola"]
[Result "1/2-1/2"]
[WhiteElo "2435"]
[BlackElo "2295"]

1.c4 e6 2.Nf3 d5 3.d4 Nf6 4.g3 Be7 5.Bg2 O-O 6.O-O c6 7.Qc2 Nbd7 8.Rd1 b6
9.Nbd2 Bb7 10.e4 Nxe4 11.Nxe4 dxe4 12.Qxe4 Qc7 13.Bf4 Bd6 14.Ne5 Nxe5 15.dxe5 Be7
16.Rd3  1/2-1/2

[Event "JUG-ch sf"]
[Site "Nis"]
[Date "1995.??.??"]
[Round "?"]
[White "Antic, Dejan"]
[Black "Cvetkovic, Srdjan"]
[Result "0-1"]
[WhiteElo "2375"]
[BlackElo "2425"]

1.d4 Nf6 2.c4 e6 3.Nf3 d5 4.g3 Be7 5.Bg2 O-O 6.Nbd2 b6 7.O-O Bb7 8.cxd5 exd5
9.Ne5 c5 10.dxc5 bxc5 11.Ndc4 Qc7 12.Qb3 Nc6 13.Nxc6 Bxc6 14.Ne3 d4 15.Nc4 Bxg2
16.Kxg2 Nd5 17.Qf3 Nb6 18.Bf4 Qd7 19.Rfc1 Rfe8 20.b3 Rac8 21.Rc2 Nd5 22.Rac1 Qe6
23.e4 Nb4 24.Rb2 g5 25.Bd2 g4 26.Qe2 Bf6 27.e5 Nc6 28.Bf4 Bxe5 29.Bxe5 f6
30.Nd6 Nxe5 31.Nxe8 Qd5+ 32.Kg1 Rxe8 33.Qb5 Nf3+ 34.Kf1 Nxh2+ 35.Kg1 Nf3+
36.Kf1 Qh5  0-1

[Event "NOR-ch"]
[Site "?"]
[Date "1995.??.??"]
[Round "8"]
[White "Fyllingen, Roy Harald"]
[Black "Tisdall, Jonathan D"]
[Result "0-1"]
[WhiteElo "2390"]
[BlackElo "2470"]

1.d4 d5 2.c4 e6 3.Nf3 Nf6 4.g3 Be7 5.Bg2 O-O 6.O-O dxc4 7.Qc2 a6 8.a4 Bd7
9.Rd1 Bc6 10.Nc3 Bb4 11.e4 Bxc3 12.d5 exd5 13.exd5 Bxd5 14.Ng5 c6 15.bxc3 h6
16.Ne4 Nxe4 17.Bxe4 Bxe4  0-1

[Event "Novgorod op"]
[Site "Novgorod"]
[Date "1995.??.??"]
[Round "5"]
[White "Razuvaev, Yuri S"]
[Black "Yemelin, Vasily"]
[Result "1/2-1/2"]
[WhiteElo "2580"]
[BlackElo "2515"]

1.d4 Nf6 2.c4 e6 3.g3 d5 4.Nf3 Be7 5.Bg2 O-O 6.O-O Nbd7 7.Qc2 c6 8.b3 b6
9.Rd1 Bb7 10.Nc3 Rc8 11.e4 a5 12.Bf4 Ba6 13.e5 Ne8 14.Bf1 Nc7 15.h4 h6 16.a3 Bb7
17.Bg2 c5 18.dxc5 bxc5 19.Na4 Bc6 20.Nb2 Rb8 21.Bd2 Ra8 22.cxd5  1/2-1/2

[Event "Odorheiu Secuiesc zt"]
[Site "Odorheiu Secuiesc"]
[Date "1995.??.??"]
[Round "9"]
[White "Horvath, Jozsef"]
[Black "Jirovsky, Milos"]
[Result "1/2-1/2"]
[WhiteElo "2520"]
[BlackElo "2425"]

1.d4 Nf6 2.c4 e6 3.Nf3 d5 4.g3 Be7 5.Bg2 O-O 6.Nc3 c6 7.O-O Nbd7 8.Qb3 b6
9.Bf4 Ba6 10.cxd5 Nxd5 11.Qa4 Nxf4 12.gxf4 Bb7 13.Rfd1 Qc7 14.e3 c5 15.d5 exd5
16.Nxd5 Bxd5 17.Rxd5 Rad8 18.Rad1 Nb8 19.Ne5 Bf6 20.Rxd8 Rxd8 21.Rxd8+ Qxd8
22.Bd5 Bxe5 23.fxe5 Kf8 24.Qxa7 Qxd5 25.Qxb8+ Ke7 26.h3 Qc6 27.a4 c4  1/2-1/2

[Event "CZE-ch"]
[Site "Olomouc"]
[Date "1995.??.??"]
[Round "?"]
[White "Freisler, Pavel"]
[Black "Bazant, Petr Sr"]
[Result "1/2-1/2"]
[WhiteElo "2350"]
[BlackElo "2285"]

1.Nf3 d5 2.c4 e6 3.g3 Nf6 4.Bg2 Be7 5.d4 O-O 6.O-O c6 7.Nbd2 Nbd7 8.Qc2 Re8
9.e4 Nxe4 10.Nxe4 dxe4 11.Qxe4 c5 12.Rd1 Qb6 13.Qe2 cxd4 14.Nxd4 Nf6 15.Be3 Bc5
16.Nc2 Bxe3 17.Nxe3 Qc7 18.Qd3 Rb8 19.Qd6 Qxd6 20.Rxd6 b6 21.Bc6 Rf8 22.Rad1 Bb7
23.Bxb7 Rxb7 24.Rc6 h5 25.b4 Nd7 26.f4 Nb8 27.Rcd6 Rc7 28.b5 g6 29.a4 Kg7
30.Kf2 Rfc8 31.a5 bxa5 32.Ra1 Nd7 33.Rxa5 Nb6 34.c5 Rxc5 35.Rxa7 Rxb5 36.Rxe6 Rb2+
37.Kf3 Nc4  1/2-1/2

[Event "CRO-chT2"]
[Site "Opatija"]
[Date "1995.??.??"]
[Round "?"]
[White "Stohl, Igor"]
[Black "Horvath, Csaba"]
[Result "1-0"]
[WhiteElo "2530"]
[BlackElo "2500"]

1.d4 d5 2.Nf3 Nf6 3.c4 e6 4.g3 Be7 5.Bg2 O-O 6.O-O c6 7.Qc2 b6 8.b3 Nbd7
9.Bb2 Bb7 10.Nc3 Rc8 11.e4 c5 12.exd5 exd5 13.Rfd1 dxc4 14.d5 cxb3 15.axb3 Ne8
16.Nb5 a6 17.Na7 Nd6 18.Nxc8 Qxc8 19.Re1 Bf6 20.Bxf6 Nxf6 21.Ne5 Nb5 22.Qc4 Rd8
23.Nc6 Bxc6 24.dxc6 Rd4 25.Qe2 h6 26.Qe7 a5 27.Ra4 Nc7 28.Rxd4 cxd4 29.Qd6 Ne6
30.Bh3  1-0

[Event "Polanica Zdroj op"]
[Site "Polanica Zdroj"]
[Date "1995.??.??"]
[Round "4"]
[White "Szymczak, Zbigniew"]
[Black "Weglarz, Leszek"]
[Result "1-0"]
[WhiteElo "2345"]
[BlackElo "2350"]

1.d4 d5 2.c4 e6 3.Nf3 Nf6 4.g3 Be7 5.Bg2 O-O 6.O-O dxc4 7.Ne5 Nc6 8.Nxc6 bxc6
9.Na3 Bxa3 10.bxa3 Rb8 11.Qa4 Rb6 12.Qxc4 Ba6 13.Qc2 Qxd4 14.Be3 Qc4 15.Qxc4 Bxc4
16.Bxb6 axb6 17.Rfc1 Bxe2 18.Rxc6 Nd5 19.Re1 Bd3 20.Bxd5 exd5 21.Rxc7 h6
22.Rce7 Bb5 23.Rb1 Bd3 24.Rxb6 Rc8 25.Rb2 d4 26.Rd2 Rc1+ 27.Kg2 Bf1+ 28.Kf3 d3
29.Re8+ Kh7 30.Re3 Rc3 31.Re1 Bh3 32.Ke3 Rxa3 33.Kd4 Be6 34.Ra1 Kg6 35.Kc5 Kf5
36.Kb4 Ra8 37.a4 Ke4 38.Ra3 Rb8+ 39.Kc5 Rc8+ 40.Kb6 Rb8+ 41.Kc7 Rb3 42.Ra1 Rc3+
43.Kd6 Rc2 44.Rdd1 Bg4 45.Re1+ Kd4 46.a5 d2 47.Reb1 Kd3 48.a6 Rc8 49.a7 Ra8
50.Ke7 Kc2 51.Rb7 d1=Q 52.Rxd1 Kxd1 53.Kxf7 g5 54.Kg6 Bf3 55.Re7 g4 56.Kxh6 Be2
57.Kg5 Ke1 58.Rf7 Kf1 59.Rh7 Kg2 60.Kf4 Bf3 61.Ke3 Re8+ 62.Kf4 Re4+ 63.Kf5 Ra4
64.Kg5 Ra2 65.Kf4 Ra5 66.Ke3 Ra4 67.Kd2 Ra3 68.Kc1 Ra2 69.Kb1 Rxf2 70.Rg7 Be4+
71.Ka1 Kf3 72.Re7 Rf1+ 73.Kb2 Rb1+ 74.Ka2 Rb6 75.Ka3 Ra6+ 76.Kb4 Bd3 77.Kc3 Bf1
78.Kd4 Kg2 79.Rh7 Kg1 80.Kc5 Bg2 81.Kb5 Ra2 82.Kb6  1-0

[Event "Prague Mladi op"]
[Site "Prague"]
[Date "1995.??.??"]
[Round "2"]
[White "Balogh, Peter"]
[Black "Berzinsh, Roland"]
[Result "0-1"]
[WhiteElo "2255"]
[BlackElo "2430"]

1.d4 Nf6 2.c4 e6 3.g3 d5 4.Bg2 Be7 5.Nf3 O-O 6.O-O dxc4 7.Qc2 a6 8.a4 Bd7
9.Ne5 Bc6 10.Nxc6 Nxc6 11.e3 Na5 12.Nd2 c5 13.Nxc4 cxd4 14.Nxa5 Qxa5 15.exd4 Nd5
16.Qb3 Rab8 17.Rd1 Rfd8 18.Bd2 Qc7 19.Rac1 Qd7 20.Ba5 Rdc8 21.Bxd5 exd5 22.Bb6 h5
23.h4 Rc6 24.Bc5 Rbc8 25.Qe3 Bf6 26.a5 Qg4 27.Qb3 Bxh4 28.Qxd5 Bg5 29.Rb1 h4
30.Rd3 Rf6 31.Rf1 Re8 32.Qg2 h3 33.Qh2 Qe2 34.Rb3 Be3 35.Rxe3 Rxe3 36.b4 Rxg3+
37.Qxg3 Rg6  0-1

[Event "Prague Bohemians"]
[Site "Prague"]
[Date "1995.??.??"]
[Round "6"]
[White "Vorisek, Jaroslav"]
[Black "Prandstetter, Eduard"]
[Result "0-1"]
[WhiteElo "2230"]
[BlackElo "2370"]

1.d4 Nf6 2.Nf3 e6 3.g3 Be7 4.Bg2 d5 5.c4 O-O 6.O-O Nbd7 7.b3 b6 8.Bb2 Bb7
9.Nc3 dxc4 10.bxc4 Ne4 11.Qd3 Nxc3 12.Bxc3 c5 13.d5 exd5 14.cxd5 c4 15.Qxc4 Rc8
16.Qb3 Nc5 17.Qb1 Qxd5 18.Nh4 Ne4 19.Bb4 Qe6 20.Rd1 Rfe8 21.Bxe7 Nc3 22.Qb3 Qxe7
23.Nf5 Nxe2+ 24.Kh1 Bxg2+ 25.Kxg2 Qe4+ 26.Qf3 Nf4+ 27.gxf4 Qxf5 28.Rd5 Qf6
29.Rad1 h6 30.Rd7 Rc3 31.Qg4 Rc4 32.Kg3 g5 33.R1d6 Qc3+ 34.Kg2 Rxf4 35.Qh5 Qc2
36.Rd2 Qc6+ 37.Kg3 Rf6 38.Qg4 Re4 39.Qh5 Rh4 40.Qe2 Rf3+  0-1